Social security system in India / (Record no. 37448)

MARC details
000 -LEADER
fixed length control field 00799nam a22002177a 4500
005 - DATE AND TIME OF LATEST TRANSACTION
control field 20100723160414.0
010 ## - LCCN (DPL NO)
LC control number ENG-96662
020 ## - INTERNATIONAL STANDARD BOOK NUMBER
International Standard Book Number 9788170545026
Terms of availability 200.00
035 ## - SYSTEM CONTROL NUMBER
System control number EN-80195
037 ## - SOURCE OF ACQUISITION
Source of stock number/acquisition DBAD/PUB
082 ## - DEWEY DECIMAL CLASSIFICATION NUMBER
Classification number 368.400954
100 ## - MAIN ENTRY--PERSONAL NAME
Personal name Srivastava, Ajay
245 ## - TITLE STATEMENT
Title Social security system in India /
Statement of responsibility, etc by Ajay Srivastava [and] P.P. Mitra
260 ## - PUBLICATION, DISTRIBUTION, ETC. (IMPRINT)
Place of publication, distribution, etc New Delhi
Name of publisher, distributor, etc Classical Publishing Co.
Date of publication, distribution, etc 2009
270 ## - ADDRESS
Address 28, Shopping Center, Karam Pura,
City New Delhi
Postal code 110027
300 ## - PHYSICAL DESCRIPTION
Extent 96 p.
Dimensions 24cm (Hb)
500 ## - GENERAL NOTE
General note Includes bibliographical references
700 ## - ADDED ENTRY--PERSONAL NAME
Personal name Mitra, P. P.
9 (RLIN) 1071
942 ## - ADDED ENTRY ELEMENTS (KOHA)
Source of classification or shelving scheme Dewey Decimal Classification
Item type English Books
Classification part 368.400954
Call number suffix SRI
Holdings
Withdrawn status Lost status Not for loan Collection code Home library Current library Date acquired Cost, normal purchase price Full call number Barcode Copy number Cost, replacement price Koha item type
    Not For Loan Non-fiction D.B.Act.Division D.B.Act.Division 23/07/2010 200.00 368.400954 SRI EN-80195 1 200.00 English Books

© Delhi Public Library
Hit Counter
free hit counter